Las actitudes en el centro escolar: reflexiones y propuestas

Đã lưu trong:
Chi tiết về thư mục
Tác giả chính: Guitart Aced, Rosa María (Tác giả)
Định dạng: Sách
Ngôn ngữ:Tiếng Tây Ban Nha
Được phát hành: Barcelona Graó 2002
Phiên bản:1a. ed
Loạt:Serie Temas Transversales, 171
Những chủ đề:
Các nhãn: Thêm thẻ
Không có thẻ, Là người đầu tiên thẻ bản ghi này!

MARC

LEADER 00000nam a2200000 a 4500
001 UCL0058
003 CL-VaPUC
008 030612e20020000SP |||||||||||||||||spa|d
020 |a 8478272755 
082 0 4 |a 370.15  |b GUI  |2 21 
100 |a Guitart Aced, Rosa María  |e author  |9 567334 
245 1 4 |a Las actitudes en el centro escolar: reflexiones y propuestas 
250 |a 1a. ed 
300 |a 201 p 
942 |c BK 
945 |d 20030612 00:00:00  |a cmena 
260 |a Barcelona  |b Graó  |c 2002 
650 0 |a Psicología educacional   |9 307830 
650 0 |a Actitud  |9 258129 
650 0 |a Integración social  |9 319662 
650 0 |a Personalidad   |9 307255 
650 0 |a Desarrollo individual   |9 307875 
583 |a last modification  |c 20030612 00:00:00  |k Rodrigo Vera 
490 0 |a Serie Temas Transversales, 171 
999 |c 304091  |d 304089 
952 |0 0  |1 0  |4 0  |6 370_150000000000000_GUI_2002  |7 0  |8 A  |9 365872  |a BIBEDU  |b BIBEDU  |d 2019-11-21  |i 3911926  |o 370.15 GUI 2002  |p 3911926  |r 2019-11-21  |w 2019-11-21  |y BK  |k EDU 
952 |0 0  |1 0  |4 0  |6 370_150000000000000_GUI_2002  |7 0  |8 A  |9 365873  |a BIBEDU  |b BIBEDU  |d 2019-11-21  |i 4070666  |o 370.15 GUI 2002  |p 4070666  |r 2019-11-21  |w 2019-11-21  |y BK  |k EBA